| 000 | 01092nam a2200313 i 4500 | ||
|---|---|---|---|
| 003 | EG-GICUC | ||
| 005 | 20260420171459.0 | ||
| 008 | 260420s1929 fr adkafr|||| 001 0 fre d | ||
| 040 |
_aEG-GiCUC _bfre _cEG-GiCUC _dEG-GiCUC _eRda |
||
| 041 | _afre | ||
| 082 | 0 | 4 |
_221 _a343.6 _bRO . C |
| 092 | 0 | 4 | _221 |
| 099 | _aLaw1 10 343.6 Ro . C 1 Ed - 1929 | ||
| 100 | 1 |
_aRozengart, Eugene, _eAuteur |
|
| 245 |
_aLe crime : _b comme produit social et économique, _c Eugene Rozengart,Docteur en Droit, Diplômé de l'Institut de Criminologie. |
||
| 246 | 1 | _aComme produit social et économique. | |
| 264 |
_aParis : _bJouve & Cie, Éditeurs. _c1929. |
||
| 300 |
_a page : _billustration ; _c 24 cm. |
||
| 336 |
_2rda contenu _a texte |
||
| 337 |
_2rda medias _aOrdinateur |
||
| 338 |
_2 transporteur rda _a Ressource en ligne |
||
| 504 | _aComprend des références bibliographiques. | ||
| 546 | _aTexte en français | ||
| 650 | 1 |
_aDroit pénal. _2qrmak |
|
| 651 | 1 | _2qrmak | |
| 856 | 4 | 0 | _uhttps://fll.law.cu.edu.eg/fulltext/bks/B10-10631.pdf |
| 905 | _a171 | ||
| 942 |
_2ddc _cBK _e21 _n0 |
||
| 999 |
_c72372 _d72372 |
||